Statistics for Toronto Raptors Trivia

Click here to take the quiz!

General Stats

  • This quiz has been taken 361 times
  • The average score is 8 of 9

Answer Stats

Question Answer % Correct
What Raptors star won the 2000 NBA slam dunk contest?Vince Carter
96%
What rapper can often be seen courtside at Raptors games?Drake
94%
What blockbuster movie inspired the naming of the Raptors?Jurassic Park
93%
The Raptors are the only Canadian NBA team, but there used to be another one.
Who were they?
Vancouver Grizzlies
90%
Who is the Raptors all-time leading scorer?DeMar DeRozan
84%
What former player, chosen with the 4th pick in the 2003 draft, do many people say
looks like velociraptor?
Chris Bosh
79%
What nickname is Kawhi Leonard known by due to his gigantic hands?The {Claw}
75%
What coach was named NBA Coach of the Year in 2018 but was fired anyway?Dwane Casey
75%
What cousin of that player also played for the Raptors during the same era?Tracy McGrady
74%

Score Distribution

Percentile by Number Answered

Percent of People with Each Score

Your Score History

You have not taken this quiz